Music Quiz

Random Music or Song Quiz

Name the songs from One Direction Quiz Stats

Quiz not verified by Sporcle

Challenge
Share
Tweet
Embed
Score 0/12 Timer 10:00
0 Plays Today
% Correct
What Makes You Beautiful'
98.4%
One Thing
93.2%
Gotta Be You
92.7%
Up All Night
89.4%
Forever Young
86.4%
More Than This
84.4%
Everything About You
81.4%
Moments
79.7%
Tell Me a Lie
68.2%
Torn
60.6%
All You Need Is love
59.1%
I Should Have Kissed You
34.4%

You're not logged in!

Compare scores with friends on all Sporcle quizzes.
Sign Up with Email
OR
Log In

You Might Also Like...

Show Comments

Extras

Top Quizzes Today


Score Distribution

Your Account Isn't Verified!

In order to create a playlist on Sporcle, you need to verify the email address you used during registration. Go to your Sporcle Settings to finish the process.